000
00277nam a2200121Ia 4500
008
211105s9999 xx 000 0 und d
020
_a
VYASA10624
100
_a
Berman Barry
245
0
_a
Retail Management
250
_a
\N
260
_b
Pearson Education
_c
\N
300
_a
682p.
999
_c
10181
_d
10181